<?xml version="1.0" encoding="UTF-8"?><marc:collection xmlns:marc="http://www.loc.gov/MARC21/slim">
  <marc:record>
    <marc:leader>00000nam  2200000zi 4500</marc:leader>
    <marc:controlfield tag="001">9.944365</marc:controlfield>
    <marc:controlfield tag="003">CaOODSP</marc:controlfield>
    <marc:controlfield tag="005">20250131094845</marc:controlfield>
    <marc:controlfield tag="006">m     o  d f      </marc:controlfield>
    <marc:controlfield tag="007">cr mn|||||||||</marc:controlfield>
    <marc:controlfield tag="008">241022e202411##oncab   ob   f000 0 fre d</marc:controlfield>
    <marc:datafield tag="020" ind1=" " ind2=" ">
      <marc:subfield code="a">9780660741154</marc:subfield>
    </marc:datafield>
    <marc:datafield tag="040" ind1=" " ind2=" ">
      <marc:subfield code="a">CaOODSP</marc:subfield>
      <marc:subfield code="b">fre</marc:subfield>
      <marc:subfield code="e">rda</marc:subfield>
      <marc:subfield code="c">CaOODSP</marc:subfield>
    </marc:datafield>
    <marc:datafield tag="043" ind1=" " ind2=" ">
      <marc:subfield code="a">n-cnm--</marc:subfield>
      <marc:subfield code="a">ln-----</marc:subfield>
    </marc:datafield>
    <marc:datafield tag="045" ind1=" " ind2=" ">
      <marc:subfield code="a">x2y2</marc:subfield>
    </marc:datafield>
    <marc:datafield tag="086" ind1="1" ind2=" ">
      <marc:subfield code="a">Fs70-5/2024-076F-PDF</marc:subfield>
    </marc:datafield>
    <marc:datafield tag="100" ind1="1" ind2=" ">
      <marc:subfield code="a">Niles, M. M., </marc:subfield>
      <marc:subfield code="e">auteur.</marc:subfield>
    </marc:datafield>
    <marc:datafield tag="245" ind1="1" ind2="0">
      <marc:subfield code="a">Évaluation de la pêche du pétoncle dans le sud du Golfe du Saint-Laurent en 2023 : </marc:subfield>
      <marc:subfield code="b">données de la pêche commerciale et données de relevés / </marc:subfield>
      <marc:subfield code="c">Monique Niles, Andrew Harbicht, Jeff Barrell, Jeff C. Clements, Rémi Sonier.</marc:subfield>
    </marc:datafield>
    <marc:datafield tag="264" ind1=" " ind2="1">
      <marc:subfield code="a">Ottawa (Ontario) : </marc:subfield>
      <marc:subfield code="b">Secrétariat canadien de consultation scientifique (SCCS), </marc:subfield>
      <marc:subfield code="c">novembre 2024.</marc:subfield>
    </marc:datafield>
    <marc:datafield tag="264" ind1=" " ind2="4">
      <marc:subfield code="c">©2024</marc:subfield>
    </marc:datafield>
    <marc:datafield tag="300" ind1=" " ind2=" ">
      <marc:subfield code="a">1 ressource en ligne (xii, 122 pages) : </marc:subfield>
      <marc:subfield code="b">illustrations (certaines en couleur), cartes en couleur.</marc:subfield>
    </marc:datafield>
    <marc:datafield tag="336" ind1=" " ind2=" ">
      <marc:subfield code="a">texte</marc:subfield>
      <marc:subfield code="b">txt</marc:subfield>
      <marc:subfield code="2">rdacontent/fre</marc:subfield>
    </marc:datafield>
    <marc:datafield tag="337" ind1=" " ind2=" ">
      <marc:subfield code="a">informatique</marc:subfield>
      <marc:subfield code="b">c</marc:subfield>
      <marc:subfield code="2">rdamedia/fre</marc:subfield>
    </marc:datafield>
    <marc:datafield tag="338" ind1=" " ind2=" ">
      <marc:subfield code="a">ressource en ligne</marc:subfield>
      <marc:subfield code="b">cr</marc:subfield>
      <marc:subfield code="2">rdacarrier/fre</marc:subfield>
    </marc:datafield>
    <marc:datafield tag="490" ind1="1" ind2=" ">
      <marc:subfield code="a">Document de recherche, </marc:subfield>
      <marc:subfield code="x">2292-4272 ; </marc:subfield>
      <marc:subfield code="v">2024/076</marc:subfield>
    </marc:datafield>
    <marc:datafield tag="500" ind1=" " ind2=" ">
      <marc:subfield code="a">Publié aussi en anglais sous le titre : Scallop fishery assessment of the southern Gulf of St. Lawrence to 2023: commercial fishery and survey data.</marc:subfield>
    </marc:datafield>
    <marc:datafield tag="504" ind1=" " ind2=" ">
      <marc:subfield code="a">Comprend des références bibliographiques (pages 30-37).</marc:subfield>
    </marc:datafield>
    <marc:datafield tag="520" ind1=" " ind2=" ">
      <marc:subfield code="a">« L'évaluation du stock de pétoncles géants pour le sud du Golfe du Saint-Laurent (sGSL) en 2024 comprend des données tirées de la pêche commerciale (1923 à 2023) et des relevés de recherche (2019 à 2023). Nous présentons les débarquements, l'effort et les taux de capture ou prise par unité d'effort (PUE) à l'échelle de la zone de pêche du pétoncle (ZPP), du gisement et de l'aire principale (ZPP 22 et 24) pour les séries chronologiques disponibles. … » -- Résumé, page xii.</marc:subfield>
    </marc:datafield>
    <marc:datafield tag="650" ind1=" " ind2="6">
      <marc:subfield code="a">Pétoncle géant</marc:subfield>
      <marc:subfield code="z">Saint-Laurent, Golfe du.</marc:subfield>
    </marc:datafield>
    <marc:datafield tag="650" ind1=" " ind2="6">
      <marc:subfield code="a">Pétoncle géant</marc:subfield>
      <marc:subfield code="x">Pêche commerciale</marc:subfield>
      <marc:subfield code="z">Saint-Laurent, Golfe du.</marc:subfield>
    </marc:datafield>
    <marc:datafield tag="650" ind1=" " ind2="6">
      <marc:subfield code="a">Ressources halieutiques</marc:subfield>
      <marc:subfield code="x">Évaluation</marc:subfield>
      <marc:subfield code="z">Saint-Laurent, Golfe du.</marc:subfield>
    </marc:datafield>
    <marc:datafield tag="710" ind1="2" ind2=" ">
      <marc:subfield code="a">Secrétariat canadien de consultation scientifique, </marc:subfield>
      <marc:subfield code="e">organisme de publication.</marc:subfield>
    </marc:datafield>
    <marc:datafield tag="710" ind1="1" ind2=" ">
      <marc:subfield code="a">Canada. </marc:subfield>
      <marc:subfield code="b">Ministère des pêches et des océans. </marc:subfield>
      <marc:subfield code="b">Région du golfe, </marc:subfield>
      <marc:subfield code="e">organisme de publication.</marc:subfield>
    </marc:datafield>
    <marc:datafield tag="775" ind1="0" ind2="8">
      <marc:subfield code="t">Scallop fishery assessment of the southern Gulf of St. Lawrence to 2023 : </marc:subfield>
      <marc:subfield code="w">(CaOODSP)9.944364</marc:subfield>
    </marc:datafield>
    <marc:datafield tag="830" ind1="#" ind2="0">
      <marc:subfield code="a">Document de recherche (Secrétariat canadien de consultation scientifique)</marc:subfield>
      <marc:subfield code="v">2024/076.</marc:subfield>
      <marc:subfield code="w">(CaOODSP)9.503788</marc:subfield>
    </marc:datafield>
    <marc:datafield tag="856" ind1="4" ind2="0">
      <marc:subfield code="q">PDF</marc:subfield>
      <marc:subfield code="s">14.60 Mo</marc:subfield>
      <marc:subfield code="u">https://publications.gc.ca/collections/collection_2025/mpo-dfo/fs70-5/Fs70-5-2024-076-fra.pdf</marc:subfield>
    </marc:datafield>
  </marc:record>
</marc:collection>
